000 00499nam a2200193Ia 4500
008 240510s9999 xx 000 0 und d
020 _a0000830693920
041 _aEng
082 _a005.115
082 _bB31
100 _aBHARATH, R.
245 0 _aProlog : sophisticated applications in artificial intelligence
260 _bUSA : Windcrest
260 _c1989
300 _a197 p.
650 _aProlog : PROGRAMMING LANGUAGES : artificial intelligence
942 _2ddc
942 _cLBK
999 _c26107
_d26107
945 _a1
_bMadushi Gamage
_c1
_dMadushi Gamage